000 01189nam a22001457a 4500
999 _c526156
_d526156
008 240513b ||||| |||| 00| 0 eng d
100 _aArumugham, Shvalaxmi and Shekhar, Beulah
_952337
245 _aPolicing the cyber space to prevent online child sexual exploitation materials
260 _aThe Indian Police Journal
300 _a69(4), Oct-Dec, 2022: p.20-30
520 _aOnline child pornography that consists of various media with the involvement of children in sexual acts, either as simulation or real, poses a huge threat to the children. This research article explores the policing techniques that has been developed and implemented to identify potential offenders, help victims and prevent the spread of child sexual exploitative materials. The policing activities of law enforcement and public to combat this form of child sexual abuse have been discussed. With the use of existing literature, the article highlights the various challenges that the law enforcement faces and presents suitable recommendations.- Reproduced https://bprd.nic.in/uploads/pdf/October-December_2022.pdf
773 _aThe Indian Police Journal
906 _aCYBER SECURITY
942 _cAR